| 000 | 00713nac a22002051u 4500 | ||
|---|---|---|---|
| 010 | _a97042884 | ||
| 020 | _a8120324072 | ||
| 082 | 0 | 0 |
_a681.4 _bW1772 |
| 090 |
_c1410 _d1410 |
||
| 100 | _aWalker, Bruce H. | ||
| 245 | 1 | 0 |
_aOptical engineering fundamentals / _cBruce H. Walker. |
| 260 |
_aNew Delhi : _bPrentice Hall of India, _c2003. |
||
| 300 |
_axvii, 341 p. : _bill. ; _c26 cm. |
||
| 504 | _aIncludes bibliographical references (p. 309-312) and index. | ||
| 650 | 0 | _aOptics. | |
| 650 | 0 | _aLenses. | |
| 650 | 0 | _aOptical instruments. | |
| 942 |
_cBB _k681.4W1772 |
||
| 999 |
_c1410 _d1410 |
||